| 000 | 00463nab a2200145Ia 4500 | ||
|---|---|---|---|
| 003 | ES-SlBCS | ||
| 005 | 20210601134054.0 | ||
| 008 | 140529s1989 xxu||||| |||| 00| 0 por d | ||
| 041 | _apor | ||
| 100 | 1 |
_aCosta Martins, Adelino da _9212776 |
|
| 245 | 0 | 0 |
_aDa Ecole Paroissiale (1654) ao Guide des ecoles (1853) _c Adelino da Costa Martins |
| 650 | 0 | 4 |
_aEducación-Escuela _9209176 |
| 773 | 0 |
_tVeritas _gvol. 34, nº. 136, 1989, págs. 489-502 _wRev488 |
|
| 942 | _cAR | ||
| 999 |
_c606645 _d606645 |
||